000
00331 a2200157 4500
001
190585
020
_a
978-1-4240-4643-0
040
_c
Magnum
100
_a
Leather, Sue
240
1
0
_a
Heart of a fighter
_l
ING
245
1
0
_a
Heart of a fighter
300
_a
62
362
0
_a
2011
697
_a
LITERATURA INGLESA
942
_c
BK
999
_c
190585
_d
190585